000 00485nam a2200181Ia 4500
005 20250508152956.0
008 008 250505s9999 xx 000 0 hin d
037 _aTextual
040 _aFEDL
_beng
_cFEDL
041 _ahin
_2eng
084 _a915, RAM
_qFEDL
100 _aRamesh Chandra Prem
_9762890
245 0 _aHamare padosi desh
260 _aDelhi, India
_bAtma Ram and Sons
_c1961
300 _a108p.
942 _cTEXL
_h915, RAM
999 _c1339942
_d1339942